Biometric methods of information protection
Analýza aktuálneho stavu a nových možností vývoja systémov informačnej bezpečnosti. Analýza technológií ochrany dát neurónovými sieťami a biometrickým kódovaním.
Salvato in:
| Autore principale: | |
|---|---|
| Altri autori: | , , , |
| Natura: | Capitolo di libro |
| Lingua: | russo |
| Soggetti: | |
| Tags: |
Nessun Tag, puoi essere il primo ad aggiungerne!!
|
MARC
| LEADER | 00000naa a2200000 4500 | ||
|---|---|---|---|
| 001 | 0211866 | ||
| 005 | 20240502073532.6 | ||
| 041 | 0 | |a rus | |
| 044 | |a SK | ||
| 245 | 1 | 0 | |a Biometric methods of information protection |c K. Mukapil, G. Beketova, N. Zhumagalieva, V. Tulemisova, Jaroslav Kultan |
| 520 | |a Analýza aktuálneho stavu a nových možností vývoja systémov informačnej bezpečnosti. Analýza technológií ochrany dát neurónovými sieťami a biometrickým kódovaním. | ||
| 610 | 2 | 0 | |a biometrika |
| 610 | 2 | 0 | |a identifikácia vysokofrekvenčná |
| 610 | 2 | 0 | |a siete neurónové |
| 610 | 2 | 0 | |a bezpečnosť informačná |
| 100 | 1 | |a Mukapil, K. | |
| 700 | 1 | |a Beketova, G. | |
| 700 | 1 | |a Zhumagalieva, N. | |
| 700 | 1 | |a Tulemisova, V. | |
| 700 | 1 | |a Kultan, Jaroslav, 1960- | |